Catalog

Record Details

Catalog Search



Rozvoj zrakového vnímání pro děti od 5 do 7 let : jak krtek Barbora pomohl objevit poklad  Cover Image Book Book

Rozvoj zrakového vnímání pro děti od 5 do 7 let : jak krtek Barbora pomohl objevit poklad / Jiřina Bednářová ; ilustrace: Richard Šmarda

Record details

  • ISBN: 978-80-266-2032-7
  • Physical Description: 64 stran : ilustrace (převážně barevné) ; 30 cm
  • Edition: 6. vydání
  • Publisher: V Brně : Edika, 2024

Content descriptions

General Note:
Na titulní stránce označení 3. díl, vztahuje se k řadě Rozvoj zrakového vnímání
Subject: předškolní výchova
vizuální vnímání
preschool education
visual perception
Genre: publikace pro děti
příběhy
pracovní sešity
metodické příručky
children's literature
stories
activity books
methodological manuals

Available copies

  • 1 of 1 copy available at Common Catalog SPOK.

Holds

  • 0 current holds with 1 total copy.
Show All Copies
Location Call Number / Copy Notes Barcode Shelving Location Status Due Date
Jabok Library Ped-3.5.1/B 424480046850 Odborná literatura Available -

LDR 02241nam a2200577 i 4500
00158362
003CZ-PrJAB
00520250102080719.0
007ta
008241121s2024 xr a a f 000 0 cze
015 . ‡acnb003644163
020 . ‡a978-80-266-2032-7 ‡q(brožováno) : ‡cKč 229,00
035 . ‡a(CZ PrNK)nkc20243644163
040 . ‡aOLA001 ‡bcze ‡erda
072 7. ‡a373.2/.3 ‡xPředškolní a primární výchova a vzdělávání ‡2Konspekt ‡922
072 7. ‡a0/9-053.2 ‡xLiteratura pro děti a mládež (naučná) ‡2Konspekt ‡926
080 . ‡a373.2 ‡2MRF
080 . ‡a159.931 ‡2MRF
080 . ‡a(0.053.2) ‡2MRF
080 . ‡a(0:82-32) ‡2MRF
080 . ‡a(076.1) ‡2MRF
080 . ‡a(072) ‡2MRF
1001 . ‡aBednářová, Jiřina, ‡d1963- ‡7mzk2004248919 ‡4aut
24510. ‡aRozvoj zrakového vnímání pro děti od 5 do 7 let : ‡bjak krtek Barbora pomohl objevit poklad / ‡cJiřina Bednářová ; ilustrace: Richard Šmarda
24630. ‡aJak krtek Barbora pomohl objevit poklad
250 . ‡a6. vydání
264 1. ‡aV Brně : ‡bEdika, ‡c2024
300 . ‡a64 stran : ‡bilustrace (převážně barevné) ; ‡c30 cm
336 . ‡atext ‡btxt ‡2rdacontent
336 . ‡astatický obraz ‡bsti ‡2rdacontent
337 . ‡abez média ‡bn ‡2rdamedia
338 . ‡asvazek ‡bnc ‡2rdacarrier
4901 . ‡aDětská naučná edice. Předškoláci
500 . ‡aNa titulní stránce označení 3. díl, vztahuje se k řadě Rozvoj zrakového vnímání
65007. ‡apředškolní výchova ‡7ph124887 ‡2czenas
65007. ‡avizuální vnímání ‡7ph116789 ‡2czenas
65009. ‡apreschool education ‡2eczenas
65009. ‡avisual perception ‡2eczenas
655 7. ‡apublikace pro děti ‡7fd133156 ‡2czenas
655 7. ‡apříběhy ‡7fd133204 ‡2czenas
655 7. ‡apracovní sešity ‡7fd133116 ‡2czenas
655 7. ‡ametodické příručky ‡7fd132826 ‡2czenas
655 9. ‡achildren's literature ‡2eczenas
655 9. ‡astories ‡2eczenas
655 9. ‡aactivity books ‡2eczenas
655 9. ‡amethodological manuals ‡2eczenas
7001 . ‡aŠmarda, Richard, ‡d1950- ‡7xx0004703 ‡4ill
830 0. ‡aDětská naučná edice (Edika). ‡pPředškoláci
910 . ‡aABG312
995 . ‡aska
901 . ‡a58362 ‡bAUTOGEN ‡c58362 ‡tbiblio

Additional Resources